Functional group determination of olefine and acetylene unsaturation (Record no. 27343)

MARC details
000 -LEADER
fixed length control field 00339nam a2200121Ia 4500
082 ## - DEWEY DECIMAL CLASSIFICATION NUMBER
Classification number 547.313
Item number MUL
100 ## - MAIN ENTRY--AUTHOR NAME
Personal name Ashworth, M R F
245 #0 - TITLE STATEMENT
Title Functional group determination of olefine and acetylene unsaturation
260 ## - PUBLICATION, DISTRIBUTION, ETC. (IMPRINT)
Place of publication London
Name of publisher Academic
Year of publication 1975
700 ## - ADDED ENTRY--PERSONAL NAME
Personal name Muller, K
942 ## - ADDED ENTRY ELEMENTS (KOHA)
Koha item type Books
Holdings
Withdrawn status Lost status Damaged status Not for loan Home library Current library Date acquired Cost, normal purchase price Full call number Accession Number Koha item type
        RRII Library RRII Library 16/12/2021 9.20 547.313 MUL 07969 Books